000 00549nam a22001937a 4500
003 0
005 20230929151536.0
008 230929b xxu||||| |||| 00| 0 eng d
020 _a978-1509-54738-8
050 _aBJ 1031
_b.At88 2023
100 _aAttfield, Robin
245 _aApplied ethics : an introduction
_c Robin Attfield
260 _aCambridge
_bPolity Press
_cc2023.
300 _av, 217 pages ;
_c24 cm.
500 _aEthics.
504 _aIncludes bibliographical references and index.
650 _aEthics.
942 _2lcc
_cBK
999 _c365457
_d365457